Indipendenza da chi? #2 - Statistics

Statistiche generali
  • Questo quiz è stato fatto 186 volte
  • Il punteggio medio è 15 su 24
Statistiche sulle risposte
Anno Paese Indipendenza da % Corretto
1821 Perù Spagna
90%
1960 Mali Francia
82%
1948 Corea del Sud Giappone
82%
1830 Belgio Paesi Bassi
80%
1917 Finlandia Russia
80%
1640 Portogallo Spagna
80%
1960 Somalia Italia
79%
2006 Montenegro Serbia e Montenegro
76%
1825 Bolivia Spagna
72%
1958 Guinea Francia
71%
1975 Angola Portogallo
70%
1878 Bulgaria Impero Ottomano
68%
1981 Belize Regno Unito
63%
1912 Albania Impero Ottomano
62%
1918 Cecoslovacchia Impero Austro-Ungarico
56%
1966 Barbados Regno Unito
54%
1968 Mauritius Regno Unito
54%
1960 Cipro Regno Unito
54%
1990 Namibia Sudafrica
52%
1830 Ecuador Colombia
51%
1962 Ruanda Belgio
49%
1953 Laos Francia
48%
1978 Palau Stati Uniti
43%
1838 Nicaragua Repubblica Federale del Centro America
16%
Nessun quiz corrispondente trovato
Distribuzione punteggi
Percentuale di utenti per punteggio
Percentile per numero di risposta
I tuoi punteggi nel tempo
Non hai fatto questo quiz